[Event "6MCR_4D_1L_4S"]
[Site "?"]
[Date "2004.??.??"]
[Round "?"]
[White "Markytan, Vladislav"]
[Black "Nosek, Jaroslav"]
[Result "1/2-1/2"]
[WhiteElo "1900"]
[BlackElo "2266"]
[PlyCount "40"]
[EventDate "2004.??.??"]
[EventType "corr"]
[SourceDate "2004.06.03"]

1. d4 Nf6 2. c4 e6 3. Nc3 Bb4 4. Qc2 O-O 5. a3 Bxc3+ 6. Qxc3 b6 7. Bg5 Bb7 8.
Nh3 h6 9. Bh4 d5 10. cxd5 exd5 11. e3 c5 12. Bxf6 Qxf6 13. dxc5 Qxc3+ 14. bxc3
bxc5 15. Rb1 Bc6 16. Bb5 d4 17. Bxc6 Nxc6 18. cxd4 cxd4 19. Ke2 dxe3 20. fxe3
Rfe8 1/2-1/2

[Event "6MCR_4D_1L_4S"]
[Site "?"]
[Date "2004.??.??"]
[Round "?"]
[White "Markytan, Vladislav"]
[Black "Riha, Jan"]
[Result "1/2-1/2"]
[WhiteElo "1900"]
[BlackElo "2257"]
[PlyCount "70"]
[EventDate "2004.??.??"]
[EventType "corr"]
[SourceDate "2004.06.03"]

1. d4 Nf6 2. c4 e6 3. Nc3 Bb4 4. Qc2 O-O 5. a3 Bxc3+ 6. Qxc3 b6 7. Bg5 Bb7 8.
Nh3 h6 9. Bh4 d5 10. cxd5 exd5 11. e3 Nbd7 12. Bd3 c5 13. O-O Rc8 14. f3 Qe7
15. Nf2 Rfe8 16. Rfe1 Qe6 17. a4 a5 18. Rad1 cxd4 19. Qxd4 g5 20. Bg3 Nc5 21.
Bb5 Bc6 22. Bxc6 Qxc6 23. Be5 Nb3 24. Qd3 Rxe5 25. Qxb3 Re6 26. Rd4 Qc2 27.
Qxc2 Rxc2 28. Nd1 Rec6 29. Kf1 R6c4 30. Rxc4 Rxc4 31. Nc3 d4 32. exd4 Rxd4 33.
Re5 Rb4 34. Rb5 Rxb5 35. Nxb5 Nd7 1/2-1/2

[Event "6MCR_4D_1L_4S"]
[Site "?"]
[Date "2004.??.??"]
[Round "?"]
[White "Markytan, Vladislav"]
[Black "Sochor, Frantisek"]
[Result "1/2-1/2"]
[WhiteElo "1900"]
[BlackElo "2278"]
[PlyCount "97"]
[EventDate "2004.??.??"]
[EventType "corr"]
[SourceDate "2004.06.03"]

1. d4 Nf6 2. c4 g6 3. Nf3 Bg7 4. g3 O-O 5. Bg2 d6 6. O-O Nbd7 7. Nc3 e5 8. dxe5
dxe5 9. e4 Qe7 10. Nd5 Nxd5 11. cxd5 f5 12. Be3 Nc5 13. exf5 e4 14. f6 Bxf6 15.
Nd2 Bxb2 16. Bxc5 Qxc5 17. Nxe4 Qa5 18. Rb1 Bg7 19. d6 cxd6 20. Nxd6 Kh8 21.
Qd5 Qxd5 22. Bxd5 Bd4 23. Bxb7 Bxb7 24. Rxb7 Rab8 25. Rd7 Kg8 26. Ne4 Rb4 27.
Re1 Rf7 28. Rd6 Kg7 29. Kg2 Re7 30. Kf1 h6 31. f3 Bb6 32. Rd2 Rf7 33. Kg2 Ra4
34. Ree2 Ra3 35. f4 Re7 36. Rd5 Kf8 37. Rdd2 Kg7 38. Rd1 Kf8 39. Rde1 Kg7 40.
Kh3 Ba5 41. Nd6 Rxe2 42. Rxe2 Bb6 43. Rc2 Ra4 44. Nc4 Bd4 45. Kg4 Kf6 46. Nd6
Bb6 47. Re2 h5+ 48. Kh3 Ra6 49. Ne4+ 1/2-1/2

[Event "6MCR_4D_1L_4S"]
[Site "?"]
[Date "2004.??.??"]
[Round "?"]
[White "Markytan, Vladislav"]
[Black "Tejkal, Jiri"]
[Result "1-0"]
[WhiteElo "1900"]
[BlackElo "2200"]
[PlyCount "63"]
[EventDate "2004.??.??"]
[EventType "corr"]
[SourceDate "2004.06.03"]

1. d4 Nf6 2. c4 g6 3. Nf3 Bg7 4. g3 d6 5. Bg2 O-O 6. O-O Nc6 7. Nc3 a6 8. d5
Na5 9. Nd2 c5 10. Rb1 Rb8 11. Qc2 b5 12. b3 e5 13. e4 Bd7 14. a3 bxc4 15. b4
Nb3 16. Nxb3 cxb3 17. Rxb3 cxb4 18. axb4 Ne8 19. Qa2 Bc8 20. Be3 f5 21. Rc1 f4
22. Bd2 fxg3 23. hxg3 Bf6 24. Nb1 Bg5 25. Na3 Bxd2 26. Qxd2 Rb7 27. Qd3 Nc7 28.
Qd2 Bd7 29. Rb2 Qb8 30. Bf1 Rf3 31. Ra1 Rb3 32. Rxb3 1-0

[Event "6MCR_4D_1L_4S"]
[Site "?"]
[Date "2004.??.??"]
[Round "?"]
[White "Markytan, Vladislav"]
[Black "Trita, Stanislav"]
[Result "1-0"]
[WhiteElo "1900"]
[BlackElo "2170"]
[PlyCount "67"]
[EventDate "2004.??.??"]
[EventType "corr"]
[SourceDate "2004.06.03"]

1. d4 Nf6 2. c4 g6 3. Nf3 Bg7 4. g3 O-O 5. Bg2 d6 6. O-O Nbd7 7. Nc3 e5 8. dxe5
dxe5 9. e4 c6 10. b4 Qe7 11. Rb1 Rd8 12. Qc2 Nb6 13. c5 Nc4 14. Rd1 Bg4 15. h3
Bxf3 16. Bxf3 Rd4 17. Be2 Rad8 18. Kg2 b6 19. cxb6 axb6 20. a4 Qe6 21. Bd3 R4d6
22. Qe2 Qd7 23. Bxc4 Rxd1 24. Nxd1 Qxd1 25. Qxd1 Rxd1 26. a5 Bh6 27. a6 Ne8 28.
a7 Nc7 29. f4 Na8 30. Be2 Rd7 31. Ra1 Bg7 32. Ra2 Kf8 33. b5 c5 34. Bc4 1-0

[Event "6MCR_4D_1L_4S"]
[Site "?"]
[Date "2004.??.??"]
[Round "?"]
[White "Martinec, Tomas"]
[Black "Jordanek, Jiri"]
[Result "1/2-1/2"]
[WhiteElo "1800"]
[BlackElo "2110"]
[PlyCount "92"]
[EventDate "2004.??.??"]
[EventType "corr"]
[SourceDate "2004.06.03"]

1. e4 c5 2. Nc3 Nc6 3. g3 g6 4. Bg2 Bg7 5. d3 d6 6. Nge2 e6 7. O-O Nge7 8. Be3
Nd4 9. Qd2 O-O 10. Nd1 Rb8 11. Nc1 f5 12. c3 Ndc6 13. Bh6 Bxh6 14. Qxh6 e5 15.
f4 exf4 16. gxf4 c4 17. dxc4 fxe4 18. Bxe4 Be6 19. b3 d5 20. cxd5 Bxd5 21. Qh3
Qb6+ 22. Nf2 Bxe4 23. Qe6+ Kg7 24. Qxe4 Rbe8 25. Ncd3 Nf5 26. Qf3 Re3 27. Qd5
Rc8 28. Qd7+ Nce7 29. c4 Rd8 30. c5 Rxd7 31. cxb6 axb6 32. Rad1 Rd4 33. Rfe1
Rf3 34. Re5 Kf8 35. Re4 Nd5 36. Ne5 Rxf4 37. Rdxd4 Nxd4 38. Nd7+ Kf7 39. Rxf4+
Nxf4 40. Nxb6 Nfe2+ 41. Kg2 Nc3 42. Nd3 Nxa2 43. Nc5 Nc1 44. Nxb7 Ncxb3 45. Kg3
h6 46. Kf4 g5+ 1/2-1/2

[Event "6MCR_4D_1L_4S"]
[Site "?"]
[Date "2004.??.??"]
[Round "?"]
[White "Martinec, Tomas"]
[Black "Nosek, Jaroslav"]
[Result "1/2-1/2"]
[WhiteElo "1800"]
[BlackElo "2266"]
[PlyCount "61"]
[EventDate "2004.??.??"]
[EventType "corr"]
[SourceDate "2004.06.03"]

1. e4 e6 2. d4 d5 3. e5 c5 4. c3 Nc6 5. Nf3 Qb6 6. a3 c4 7. Nbd2 Na5 8. Be2 Bd7
9. O-O Ne7 10. Re1 Nf5 11. Rb1 Be7 12. Nf1 Nb3 13. Bg5 Bf8 14. N3d2 Ba4 15. Bg4
h6 16. Bf4 g6 17. Nxb3 Bxb3 18. Qc1 Qc7 19. Nd2 Ba4 20. Nf1 Be7 21. Bd1 Bxd1
22. Qxd1 b5 23. Ne3 a5 24. Nxf5 gxf5 25. Qh5 a4 26. Re3 Rh7 27. Rh3 Kd7 28. Re1
Rg8 29. Rg3 Rxg3 30. hxg3 Qd8 31. Kf1 1/2-1/2

[Event "6MCR_4D_1L_4S"]
[Site "?"]
[Date "2004.??.??"]
[Round "?"]
[White "Martinec, Tomas"]
[Black "Postupa, Pavel"]
[Result "1/2-1/2"]
[WhiteElo "1800"]
[BlackElo "1992"]
[PlyCount "38"]
[EventDate "2004.??.??"]
[EventType "corr"]
[SourceDate "2004.06.03"]

1. e4 e6 2. d4 d5 3. Nc3 Bb4 4. e5 c5 5. a3 Ba5 6. b4 cxd4 7. Nb5 Bc7 8. f4 Nh6
9. Nf3 Bd7 10. Nxc7+ Qxc7 11. Bd3 a6 12. Bb2 Nc6 13. O-O Rc8 14. Qe1 Nf5 15.
Qf2 O-O 16. Bxf5 exf5 17. Rac1 Rfe8 18. Rfd1 Be6 19. Nxd4 b5 1/2-1/2

[Event "6MCR_4D_1L_4S"]
[Site "?"]
[Date "2004.??.??"]
[Round "?"]
[White "Martinec, Tomas"]
[Black "Riha, Jan"]
[Result "0-1"]
[WhiteElo "1800"]
[BlackElo "2257"]
[PlyCount "26"]
[EventDate "2004.??.??"]
[EventType "corr"]
[SourceDate "2004.06.03"]

1. e4 e5 2. Nc3 Nf6 3. Bc4 Nc6 4. d3 Na5 5. Nge2 Nxc4 6. dxc4 Bc5 7. O-O d6 8.
Qd3 Be6 9. b3 O-O 10. Na4 Nd7 11. Ng3 Qh4 12. Qe3 Bxe3 13. Bxe3 f5 0-1

[Event "6MCR_4D_1L_4S"]
[Site "?"]
[Date "2004.??.??"]
[Round "?"]
[White "Martinec, Tomas"]
[Black "Tejkal, Jiri"]
[Result "1-0"]
[WhiteElo "1800"]
[BlackElo "2200"]
[PlyCount "87"]
[EventDate "2004.??.??"]
[EventType "corr"]
[SourceDate "2004.06.03"]

1. e4 c5 2. Nc3 Nc6 3. g3 g6 4. Bg2 Bg7 5. d3 d6 6. Nge2 Rb8 7. Be3 b5 8. Qd2
Nd4 9. O-O h5 10. h4 b4 11. Nd1 e5 12. c3 bxc3 13. bxc3 Nxe2+ 14. Qxe2 Ne7 15.
f4 Bg4 16. Qd2 Qa5 17. fxe5 Bxe5 18. Qf2 Be6 19. d4 cxd4 20. cxd4 Bg7 21. Rc1
O-O 22. d5 Bg4 23. Bxa7 Rb4 24. Be3 Ra4 25. Bd2 Qa6 26. Nc3 Ra3 27. Bg5 f6 28.
Be3 f5 29. Qd2 fxe4 30. Rxf8+ Kxf8 31. Bh6 Qd3 32. Qf2+ Nf5 33. Bxg7+ Kxg7 34.
Nxe4 Qxd5 35. Rc7+ Kf8 36. Rc8+ Kg7 37. Rg8+ Qxg8 38. Qb2+ Kf8 39. Qxa3 Qe6 40.
Qa8+ Kg7 41. Qb7+ Kf8 42. Qb8+ Kg7 43. Qc7+ Kf8 44. a4 1-0

[Event "6MCR_4D_1L_4S"]
[Site "?"]
[Date "2004.??.??"]
[Round "?"]
[White "Martinec, Tomas"]
[Black "Trita, Stanislav"]
[Result "1/2-1/2"]
[WhiteElo "1800"]
[BlackElo "2170"]
[PlyCount "47"]
[EventDate "2004.??.??"]
[EventType "corr"]
[SourceDate "2004.06.03"]

1. e4 e6 2. d4 d5 3. Nc3 dxe4 4. Nxe4 Nd7 5. Nf3 Ngf6 6. Bd3 Be7 7. Qe2 Nxe4 8.
Bxe4 O-O 9. O-O Nf6 10. Bd3 b6 11. Bf4 Bb7 12. Rad1 Qd7 13. c4 Rfd8 14. Ne5 Qe8
15. Qc2 h6 16. Be3 c5 17. dxc5 Bxc5 18. Bxc5 bxc5 19. Qc3 Qe7 20. Bc2 Rxd1 21.
Rxd1 Rd8 22. Rxd8+ Qxd8 23. f3 Qd6 24. Qd3 1/2-1/2

[Event "6MCR_4D_1L_4S"]
[Site "?"]
[Date "2004.??.??"]
[Round "?"]
[White "Nosek, Jaroslav"]
[Black "Alexa, Jaroslav"]
[Result "1/2-1/2"]
[WhiteElo "2266"]
[BlackElo "2341"]
[PlyCount "123"]
[EventDate "2004.??.??"]
[EventType "corr"]
[SourceDate "2004.06.03"]

1. e4 c5 2. Nf3 d6 3. d4 cxd4 4. Nxd4 Nf6 5. Nc3 a6 6. Bc4 e6 7. Bb3 Nbd7 8.
Qf3 Nc5 9. O-O Be7 10. Qg3 O-O 11. Bh6 Ne8 12. Be3 Bh4 13. Qf3 b5 14. a3 Bb7
15. Rfd1 Bf6 16. Ba2 Be5 17. b4 Nd7 18. Qh3 Rc8 19. Rd3 Nef6 20. f3 Re8 21.
Rad1 Rc7 22. Bb3 Qb8 23. Nce2 d5 24. exd5 Nxd5 25. f4 Bf6 26. Bf2 N7b6 27. Bh4
Nc4 28. Bxf6 Nxf6 29. Rg3 Ne4 30. Rg4 Qd8 31. c3 Qf6 32. Bc2 Nb2 33. Re1 Rxc3
34. Nxc3 Qxd4+ 35. Qe3 Qxc3 36. Bxe4 Qxe3+ 37. Rxe3 Bxe4 38. Rxe4 f5 39. Re2
fxg4 40. Rxb2 Rc8 41. Rb3 Rc4 42. Rd3 Rxf4 43. Rd6 Kf7 44. Rxa6 Rf5 45. g3 Rf3
46. Ra5 Kf6 47. Rxb5 Rxa3 48. Rb8 Rb3 49. b5 Ke5 50. Rg8 g6 51. Rg7 Rxb5 52.
Rxh7 Ke4 53. Rg7 g5 54. Kg2 Rb2+ 55. Kg1 Kf5 56. Rf7+ Kg6 57. Rf8 e5 58. Rf1
Rb3 59. Rf8 Rf3 60. Rb8 Kf5 61. Kg2 Rc3 62. Rb2 1/2-1/2

[Event "6MCR_4D_1L_4S"]
[Site "?"]
[Date "2004.??.??"]
[Round "?"]
[White "Nosek, Jaroslav"]
[Black "Jordanek, Jiri"]
[Result "1/2-1/2"]
[WhiteElo "2266"]
[BlackElo "2110"]
[PlyCount "102"]
[EventDate "2004.??.??"]
[EventType "corr"]
[SourceDate "2004.06.03"]

1. e4 c5 2. Nf3 d6 3. d4 cxd4 4. Nxd4 Nf6 5. Nc3 a6 6. Bg5 e6 7. f4 Qb6 8. Qd2
Qxb2 9. Nb3 Qa3 10. Bxf6 gxf6 11. Be2 h5 12. O-O Nd7 13. Qd4 b5 14. Rfd1 Bb7
15. Nb1 Qa4 16. Qf2 b4 17. a3 Nc5 18. N1d2 bxa3 19. Nxc5 dxc5 20. Nc4 Bxe4 21.
Nb6 Qc6 22. Nxa8 c4 23. Kh1 Bc5 24. Qg3 Qxa8 25. Bxc4 h4 26. Qh3 Bf5 27. Qc3 h3
28. Bd5 hxg2+ 29. Bxg2 Be4 30. Qxc5 Bxg2+ 31. Kg1 Bh3 32. Rd2 e5 33. Qd5 Rg8+
34. Kf2 Rg2+ 35. Ke3 Qa7+ 36. Kf3 Rxd2 37. Qxd2 Qc5 38. Rd1 Qc8 39. Kf2 a2 40.
c3 Bg4 41. Ra1 Be6 42. Qd6 Qxc3 43. Rd1 Qc8 44. fxe5 fxe5 45. Qxe5 Qc2+ 46. Ke1
Ke7 47. Qd6+ Kf6 48. Qf4+ Qf5 49. Qd4+ Qe5+ 50. Qxe5+ Kxe5 51. Kd2 Kf4 1/2-1/2

[Event "6MCR_4D_1L_4S"]
[Site "?"]
[Date "2004.??.??"]
[Round "?"]
[White "Nosek, Jaroslav"]
[Black "Postupa, Pavel"]
[Result "1-0"]
[WhiteElo "2266"]
[BlackElo "1992"]
[PlyCount "75"]
[EventDate "2004.??.??"]
[EventType "corr"]
[SourceDate "2004.06.03"]

1. e4 c5 2. Nf3 Nc6 3. d4 cxd4 4. Nxd4 Nf6 5. Nc3 e5 6. Ndb5 d6 7. Bg5 a6 8.
Na3 b5 9. Bxf6 gxf6 10. Nd5 f5 11. Bd3 Be6 12. O-O Bg7 13. Qh5 f4 14. c4 bxc4
15. Bxc4 O-O 16. Rac1 Rb8 17. b3 Qd7 18. Rfd1 Kh8 19. Qh4 f5 20. Nxf4 exf4 21.
Bxe6 Qxe6 22. Rxc6 fxe4 23. Rcxd6 Qe8 24. Nc4 e3 25. fxe3 fxe3 26. Re1 e2 27.
Rd2 Bf6 28. Qg4 Bc3 29. Rdxe2 Bxe1 30. Qd4+ Kg8 31. Rxe8 Rbxe8 32. Qd5+ Kh8 33.
g3 Bc3 34. Nd6 Re7 35. Qc4 Be5 36. Qxa6 Kg7 37. Ne4 Rd8 38. Qe2 1-0

[Event "6MCR_4D_1L_4S"]
[Site "?"]
[Date "2004.??.??"]
[Round "?"]
[White "Nosek, Jaroslav"]
[Black "Riha, Jan"]
[Result "1/2-1/2"]
[WhiteElo "2266"]
[BlackElo "2257"]
[PlyCount "77"]
[EventDate "2004.??.??"]
[EventType "corr"]
[SourceDate "2004.06.03"]

1. e4 e5 2. Nf3 Nf6 3. Nxe5 d6 4. Nf3 Nxe4 5. d4 d5 6. Bd3 Bd6 7. O-O O-O 8. c4
c6 9. Qc2 Na6 10. a3 Bg4 11. Ne5 Bxe5 12. dxe5 Nac5 13. f3 Nxd3 14. Qxd3 Nc5
15. Qd4 Nb3 16. Qxg4 Nxa1 17. Bh6 g6 18. Nc3 Qb6+ 19. Rf2 Rfe8 20. Qf4 Qc7 21.
Re2 Re6 22. b4 Rd8 23. Bg5 Nb3 24. Bxd8 Qxd8 25. Re3 g5 26. Qg3 d4 27. Rd3 Qe7
28. Ne4 Nc1 29. Nf6+ Kh8 30. Qxg5 Rxf6 31. Qxc1 Qxe5 32. c5 b6 33. Qa1 bxc5 34.
bxc5 Kg8 35. Rxd4 Qxc5 36. Kh1 Rd6 37. Rg4+ Rg6 38. Rb4 Qd6 39. Rb7 1/2-1/2

[Event "6MCR_4D_1L_4S"]
[Site "?"]
[Date "2004.??.??"]
[Round "?"]
[White "Nosek, Jaroslav"]
[Black "Trita, Stanislav"]
[Result "1/2-1/2"]
[WhiteElo "2266"]
[BlackElo "2170"]
[PlyCount "43"]
[EventDate "2004.??.??"]
[EventType "corr"]
[SourceDate "2004.06.03"]

1. e4 e6 2. d4 d5 3. Nd2 dxe4 4. Nxe4 Nd7 5. Nf3 Ngf6 6. Bd3 Be7 7. Qe2 Nxe4 8.
Bxe4 O-O 9. Bd2 Nf6 10. Bd3 b6 11. O-O-O Bb7 12. Kb1 Bxf3 13. gxf3 Qxd4 14.
Rhg1 Qh4 15. Bg5 Qh5 16. Qe5 Nd5 17. Be4 Rae8 18. Bxd5 Bd6 19. Qc3 exd5 20. Be7
Be5 21. Qa3 Bd6 22. Qc3 1/2-1/2

[Event "6MCR_4D_1L_4S"]
[Site "?"]
[Date "2004.??.??"]
[Round "?"]
[White "Postupa, Pavel"]
[Black "Alexa, Jaroslav"]
[Result "0-1"]
[WhiteElo "1992"]
[BlackElo "2341"]
[PlyCount "60"]
[EventDate "2004.??.??"]
[EventType "corr"]
[SourceDate "2004.06.03"]

1. e4 c5 2. Nf3 Nc6 3. d4 cxd4 4. Nxd4 Nf6 5. Nc3 e5 6. Ndb5 d6 7. Bg5 a6 8.
Na3 b5 9. Bxf6 gxf6 10. Nd5 f5 11. c3 Bg7 12. exf5 Bxf5 13. Nc2 O-O 14. Nce3
Be6 15. Bd3 f5 16. O-O Kh8 17. Bc2 Ne7 18. a4 Nxd5 19. Nxd5 bxa4 20. Rxa4 a5
21. Qd2 Rb8 22. b3 Rb5 23. c4 Rc5 24. Nc3 e4 25. Ra2 Be5 26. g3 Qf6 27. Na4 Rc7
28. Qxa5 Rg7 29. Qe1 f4 30. Bxe4 Bh3 0-1

[Event "6MCR_4D_1L_4S"]
[Site "?"]
[Date "2004.??.??"]
[Round "?"]
[White "Postupa, Pavel"]
[Black "Cakl, Zdenek"]
[Result "1/2-1/2"]
[WhiteElo "1992"]
[BlackElo "2139"]
[PlyCount "70"]
[EventDate "2004.??.??"]
[EventType "corr"]
[SourceDate "2004.06.03"]

1. e4 c5 2. Nf3 d6 3. d4 cxd4 4. Nxd4 Nf6 5. Nc3 g6 6. Be3 Bg7 7. f3 Nc6 8. Qd2
O-O 9. Bc4 Bd7 10. O-O-O Rc8 11. Bb3 Na5 12. Kb1 Nxb3 13. cxb3 Re8 14. g4 Qa5
15. Bh6 Bxh6 16. Qxh6 b5 17. h4 b4 18. Nce2 Qe5 19. h5 g5 20. Nf5 Nxe4 21. Ned4
Bxf5 22. Nxf5 e6 23. fxe4 exf5 24. Qxg5+ Kh8 25. Qxf5 Qxe4+ 26. Qxe4 Rxe4 27.
Rxd6 Rxg4 28. Rd7 Rf4 29. Rxa7 Kg7 30. h6+ Kg6 31. a3 Re8 32. Ra6+ Kg5 33. Rg1+
Kh5 34. a4 f5 35. Rh1+ Rh4 1/2-1/2

[Event "6MCR_4D_1L_4S"]
[Site "?"]
[Date "2004.??.??"]
[Round "?"]
[White "Postupa, Pavel"]
[Black "Glaser, Karel"]
[Result "0-1"]
[WhiteElo "1992"]
[BlackElo "2104"]
[PlyCount "78"]
[EventDate "2004.??.??"]
[EventType "corr"]
[SourceDate "2004.06.03"]

1. e4 e5 2. Nf3 Nc6 3. Bb5 a6 4. Ba4 Nf6 5. O-O Be7 6. Re1 b5 7. Bb3 O-O 8. c3
d6 9. h3 Bb7 10. d4 Re8 11. a4 Qd7 12. Nbd2 Bf8 13. d5 Ne7 14. Nf1 Ng6 15. N3h2
c5 16. Ng4 Nxe4 17. f3 Nf6 18. Nxf6+ gxf6 19. Bc2 f5 20. Qd3 f4 21. b3 Bg7 22.
Ra2 Qc7 23. c4 Qd8 24. Kh2 bxc4 25. bxc4 Bc8 26. Qd2 Kh8 27. Qf2 Rg8 28. Bxg6
hxg6 29. g3 g5 30. g4 f5 31. Nd2 Bf6 32. Kg2 Rg6 33. Rh1 Rh6 34. gxf5 Bxf5 35.
Ne4 Qd7 36. Qe2 Bxh3+ 37. Kg1 Kg7 38. Rh2 Rah8 39. Rb2 g4 0-1

[Event "6MCR_4D_1L_4S"]
[Site "?"]
[Date "2004.??.??"]
[Round "?"]
[White "Postupa, Pavel"]
[Black "Markytan, Vladislav"]
[Result "0-1"]
[WhiteElo "1992"]
[BlackElo "1900"]
[PlyCount "76"]
[EventDate "2004.??.??"]
[EventType "corr"]
[SourceDate "2004.06.03"]

1. e4 e6 2. d4 d5 3. Nc3 Nf6 4. Bg5 Be7 5. e5 Nfd7 6. h4 a6 7. Qg4 h5 8. Qg3 g6
9. Nf3 c5 10. O-O-O Nc6 11. dxc5 Nxc5 12. Qf4 b5 13. Bxe7 Qxe7 14. Nd4 Nxd4 15.
Rxd4 Rb8 16. a3 Nb7 17. Rh3 Na5 18. Rd1 Nc6 19. Ne2 Qc7 20. Re3 b4 21. Qf6 Rg8
22. Nf4 d4 23. Rg3 Bd7 24. Nxh5 Ne7 25. Nf4 Ba4 26. Rd2 Qb6 27. axb4 Qxb4 28.
b3 Nf5 29. Rh3 Qa3+ 30. Kd1 Qa1+ 31. Ke2 Bb5+ 32. Nd3 Rc8 33. g4 Qb1 34. h5
gxh5 35. gxf5 Rg1 36. Qh8+ Kd7 37. Qxh5 Qxf1+ 38. Kf3 Rcg8 0-1

[Event "6MCR_4D_1L_4S"]
[Site "?"]
[Date "2004.??.??"]
[Round "?"]
[White "Postupa, Pavel"]
[Black "Sochor, Frantisek"]
[Result "0-1"]
[WhiteElo "1992"]
[BlackElo "2278"]
[PlyCount "74"]
[EventDate "2004.??.??"]
[EventType "corr"]
[SourceDate "2004.06.03"]

1. e4 c5 2. Nf3 d6 3. d4 cxd4 4. Nxd4 Nf6 5. Nc3 a6 6. Be3 Ng4 7. Bg5 h6 8. Bh4
g5 9. Bg3 Bg7 10. Be2 h5 11. Bxg4 hxg4 12. O-O e6 13. Re1 Be5 14. Re3 Nd7 15.
Nb3 Bxg3 16. Rxg3 Ne5 17. Qd4 f6 18. Rd1 Ke7 19. Nc1 Rh4 20. Nb1 b5 21. b3 Bb7
22. Nd2 Rc8 23. c3 Qc7 24. Nd3 Nd7 25. Qe3 Qxc3 26. Rc1 Qa5 27. Rxc8 Bxc8 28.
Nf1 Qb6 29. Qe2 Qd4 30. Re3 b4 31. Nb2 Bb7 32. Ng3 Ne5 33. Qc2 Bc6 34. Re2 Rh8
35. Rd2 Qc5 36. Qd1 Rc8 37. Rc2 Qa5 0-1

[Event "6MCR_4D_1L_4S"]
[Site "?"]
[Date "2004.??.??"]
[Round "?"]
[White "Riha, Jan"]
[Black "Alexa, Jaroslav"]
[Result "1/2-1/2"]
[WhiteElo "2257"]
[BlackElo "2341"]
[PlyCount "64"]
[EventDate "2004.??.??"]
[EventType "corr"]
[SourceDate "2004.06.03"]

1. e4 c5 2. Nf3 Nc6 3. d4 cxd4 4. Nxd4 Nf6 5. Nc3 e5 6. Ndb5 d6 7. Bg5 a6 8.
Na3 b5 9. Bxf6 gxf6 10. Nd5 f5 11. Bd3 Be6 12. c3 Bg7 13. Qh5 O-O 14. O-O f4
15. Rfd1 Rb8 16. Nc2 Qd7 17. Qh4 f5 18. Ncb4 Nxb4 19. Nxb4 Bf6 20. Qh5 a5 21.
exf5 Bf7 22. Qh6 Bc4 23. Bxc4+ bxc4 24. Nd5 Qxf5 25. b3 Rb7 26. bxc4 Rg7 27.
Rab1 Bd8 28. Qxd6 Qh3 29. g3 Rgf7 30. Rb2 Bc7 31. Qc5 e4 32. Qd4 fxg3 1/2-1/2

[Event "6MCR_4D_1L_4S"]
[Site "?"]
[Date "2004.??.??"]
[Round "?"]
[White "Riha, Jan"]
[Black "Cakl, Zdenek"]
[Result "1-0"]
[WhiteElo "2257"]
[BlackElo "2139"]
[PlyCount "43"]
[EventDate "2004.??.??"]
[EventType "corr"]
[SourceDate "2004.06.03"]

1. e4 c5 2. Nf3 Nc6 3. Bb5 d6 4. O-O Bg4 5. h3 Bh5 6. c3 Nf6 7. d4 Qb6 8. Na3
cxd4 9. cxd4 a6 10. Ba4 d5 11. g4 Bg6 12. exd5 Nxd5 13. Ne5 Qc7 14. Bg5 e6 15.
Nxc6 Bxa3 16. Ne7+ b5 17. Nxd5 exd5 18. Bb3 Be7 19. Bxe7 Kxe7 20. Re1+ Kf8 21.
Rc1 Qd6 22. Qf3 1-0

[Event "6MCR_4D_1L_4S"]
[Site "?"]
[Date "2004.??.??"]
[Round "?"]
[White "Riha, Jan"]
[Black "Jordanek, Jiri"]
[Result "1/2-1/2"]
[WhiteElo "2257"]
[BlackElo "2110"]
[PlyCount "79"]
[EventDate "2004.??.??"]
[EventType "corr"]
[SourceDate "2004.06.03"]

1. e4 c5 2. Nf3 d6 3. d4 cxd4 4. Qxd4 Nc6 5. Bb5 Bd7 6. Bxc6 Bxc6 7. Nc3 Nf6 8.
Bg5 e6 9. O-O-O Be7 10. Rhe1 O-O 11. Kb1 Rc8 12. Qd3 b5 13. Nxb5 Bxb5 14. Qxb5
Rb8 15. Qd3 Qc7 16. Re2 Rfc8 17. c4 h6 18. Be3 Nd7 19. Rc2 Nc5 20. Bxc5 Qxc5
21. Nd4 Rb4 22. b3 a6 23. f4 Rcb8 24. g4 a5 25. g5 hxg5 26. f5 exf5 27. Nxf5
Bf8 28. Ne3 a4 29. Rb2 axb3 30. axb3 Qe5 31. Nd5 R4b7 32. Rf1 Ra8 33. Qf3 Ra3
34. Rff2 Qd4 35. Kc2 Ra1 36. Rg2 Rba7 37. Rxg5 Be7 38. Rg2 R1a2 39. Nc3 Rxb2+
40. Kxb2 1/2-1/2

[Event "6MCR_4D_1L_4S"]
[Site "?"]
[Date "2004.??.??"]
[Round "?"]
[White "Riha, Jan"]
[Black "Postupa, Pavel"]
[Result "1-0"]
[WhiteElo "2257"]
[BlackElo "1992"]
[PlyCount "65"]
[EventDate "2004.??.??"]
[EventType "corr"]
[SourceDate "2004.06.03"]

1. e4 c5 2. Nf3 Nc6 3. Bb5 g6 4. O-O Bg7 5. c3 Nf6 6. Re1 O-O 7. h3 e5 8. d3 d6
9. Nbd2 Qc7 10. Nf1 a6 11. Ba4 b5 12. Bb3 Na5 13. Bc2 Bb7 14. Ng3 d5 15. Qe2
Rfe8 16. b3 c4 17. dxc4 bxc4 18. b4 Nc6 19. Bg5 Ne7 20. Rad1 h6 21. Be3 dxe4
22. Nd2 Nfd5 23. Qxc4 Qxc4 24. Nxc4 Nxc3 25. Rd2 Bc6 26. Bc5 e3 27. fxe3 h5 28.
a3 h4 29. Ne2 Nxe2+ 30. Rexe2 Bb5 31. Bb3 Nf5 32. a4 Bc6 33. Nd6 1-0

[Event "6MCR_4D_1L_4S"]
[Site "?"]
[Date "2004.??.??"]
[Round "?"]
[White "Riha, Jan"]
[Black "Trita, Stanislav"]
[Result "1-0"]
[WhiteElo "2257"]
[BlackElo "2170"]
[PlyCount "45"]
[EventDate "2004.??.??"]
[EventType "corr"]
[SourceDate "2004.06.03"]

1. e4 e6 2. d4 d5 3. Nd2 dxe4 4. Nxe4 Nd7 5. Nf3 Ngf6 6. Bd3 Be7 7. Qe2 Nxe4 8.
Bxe4 O-O 9. h4 Nf6 10. Bd3 b6 11. Bg5 Bb7 12. O-O-O Qd6 13. Kb1 Rfd8 14. Ne5 h6
15. Rhe1 hxg5 16. hxg5 g6 17. Bxg6 fxg6 18. Qd3 Be4 19. Rxe4 Nd7 20. Nxg6 Nc5
21. dxc5 Qxc5 22. Qf3 Bxg5 23. Rh1 1-0

[Event "6MCR_4D_1L_4S"]
[Site "?"]
[Date "2004.??.??"]
[Round "?"]
[White "Sochor, Frantisek"]
[Black "Jordanek, Jiri"]
[Result "0-1"]
[WhiteElo "2278"]
[BlackElo "2110"]
[PlyCount "108"]
[EventDate "2004.??.??"]
[EventType "corr"]
[SourceDate "2004.06.03"]

1. e4 c5 2. Nf3 d6 3. d4 cxd4 4. Nxd4 Nf6 5. Nc3 a6 6. Bg5 e6 7. Qd2 h6 8. Bxf6
Qxf6 9. O-O-O Nc6 10. Nb3 b5 11. f4 Qd8 12. g4 Be7 13. Kb1 b4 14. Ne2 Qb6 15.
Ned4 Bb7 16. Bg2 a5 17. e5 Nxd4 18. Bxb7 Qxb7 19. Qxd4 dxe5 20. Qxe5 O-O 21. g5
hxg5 22. fxg5 a4 23. Nd4 b3 24. cxb3 axb3 25. a3 Ra6 26. g6 Bf6 27. gxf7+ Rxf7
28. Qe3 Qg2 29. Ne2 Rd7 30. Rhg1 Rxd1+ 31. Rxd1 Rc6 32. Ka1 Kh8 33. Rg1 Qxh2
34. Qe4 Qd6 35. Qb4 Kg8 36. Qxd6 Rxd6 37. Nc3 Rd2 38. Re1 Kf7 39. Rf1 Ke7 40.
Rg1 Bd4 41. Rg5 e5 42. Rxg7+ Ke6 43. Rg8 e4 44. Re8+ Kf5 45. Rf8+ Kg4 46. Rg8+
Kf3 47. Rf8+ Kg2 48. Rg8+ Kh2 49. Re8 e3 50. Kb1 Rf2 51. Kc1 Rf1+ 52. Nd1 Bc5
53. Re6 Re1 54. a4 e2 0-1

[Event "6MCR_4D_1L_4S"]
[Site "?"]
[Date "2004.??.??"]
[Round "?"]
[White "Sochor, Frantisek"]
[Black "Martinec, Tomas"]
[Result "1-0"]
[WhiteElo "2278"]
[BlackElo "1800"]
[PlyCount "57"]
[EventDate "2004.??.??"]
[EventType "corr"]
[SourceDate "2004.06.03"]

1. e4 d6 2. d4 Nf6 3. Nc3 g6 4. f4 Bg7 5. Nf3 O-O 6. Bd3 Na6 7. O-O c5 8. d5
Rb8 9. Kh1 Bg4 10. h3 Bxf3 11. Rxf3 Nc7 12. a4 a6 13. a5 e6 14. dxe6 fxe6 15.
f5 Nd7 16. fxe6 Rxf3 17. gxf3 Ne5 18. Bf1 Qh4 19. f4 Nc6 20. Nd5 Nxd5 21. exd5
Ne7 22. Ra3 Nf5 23. Bd2 Qf2 24. Qe2 Qd4 25. c3 Ng3+ 26. Kg2 Nxe2 27. cxd4 Nxd4
28. b4 Rc8 29. Rc3 1-0